[Event "Perth op"]
[Site "Perth"]
[Date "2023.01.04"]
[Round "4"]
[White "Can, Ryan"]
[Black "Harris, Eamon"]
[Result "1-0"]
[WhiteElo "1658"]
[BlackElo "1884"]
[PlyCount "93"]
[EventDate "2023.01.02"]
[EventType "swiss"]
[EventRounds "11"]
[EventCountry "AUS"]
[SourceTitle "CBM 212 Extra"]
[Source "ChessBase"]
[SourceDate "2023.03.31"]
[SourceVersion "1"]
[SourceVersionDate "2023.03.31"]
[SourceQuality "1"]

1. d4 c6 2. c4 d5 3. Nf3 Nf6 4. Qc2 Bg4 5. Ne5 Bh5 6. cxd5 cxd5 7. Qb3 Qc8 8. Nc3 e6 9. Bg5 Nc6 10. e3 Bd6 11. Nd3 0-0 12. Bf4 Na5 13. Qb5 Nc4 14. Bxd6 Nxd6 15. Qb4 Nc4 16. Nf4 Bg4 17. Rc1 a5 18. Qb5 Ra6 19. Bxc4 Qxc4 20. Qxc4 dxc4 21. f3 Bf5 22. e4 Bg6 23. Nb5 Rc6 24. Ke2 a4 25. Rc2 Rd8 26. Ke3 Rcc8 27. Rhc1 Nd5+ 28. exd5 Bxc2 29. Rxc2 exd5 30. Nc3 g5 31. Nfxd5 Re8+ 32. Kf2 Kg7 33. Nxa4 Red8 34. Nab6 Rc6 35. Ke3 f5 36. Kd2 Kf7 37. Kc3 Ke6 38. Re2+ Kd6 39. Nxc4+ Rxc4+ 40. Kxc4 Rc8+ 41. Kd3 Kxd5 42. Re5+ Kd6 43. Rxf5 Rg8 44. a4 g4 45. f4 Ra8 46. b3 Rc8 47. Rg5 1-0